Podvojné účtovníctvo podnikateľov praktická príručka k 1.1.2014

Salvato in:
Dettagli Bibliografici
Autore principale: Cenigová, Anna
Natura: Libro
Lingua:slovacco
Pubblicazione: Bratislava CENIGA 2014
Edizione:14. dopl. a aktual.
Soggetti:
Tags: Aggiungi Tag
Nessun Tag, puoi essere il primo ad aggiungerne!!

MARC

LEADER 00000nam a2200000 4500
001 0185746
005 20240318115332.6
020 |a 978-80-969946-5-6 
041 0 |a slo 
044 |a SK 
245 1 0 |a Podvojné účtovníctvo podnikateľov  |b praktická príručka k 1.1.2014  |c Anna Cenigová 
250 |a 14. dopl. a aktual. 
264 1 |a Bratislava  |b CENIGA  |c 2014 
300 |a 703 s. 
610 2 0 |a účtovníctvo podvojné 
610 2 0 |a osnova účtová 
610 2 0 |a postupy účtovné 
610 2 0 |a fond sociálny 
610 2 0 |a účty finančné 
610 2 0 |a účty kapitálové 
610 2 0 |a náklady 
610 2 0 |a výnosy 
610 2 0 |a predpisy právne 
100 1 |a Cenigová, Anna